[Event "31.Schlosspark-Open"]
[Site "Wiesbaden-Biebrich"]
[Date "2019.08.22"]
[Round "1.82"]
[White "Berberich, Christoph"]
[Black "Richter, Tim"]
[Result "1-0"]
[WhiteElo "1960"]
[BlackElo "1430"]
[PlyCount "41"]
[EventDate "2019.??.??"]
[WhiteTeam "SGEM Dreisamtal"]
[BlackTeam "SF Heidesheim"]

1. d4 Nf6 2. Nf3 g6 3. e3 d5 4. c4 c6 5. Nc3 Bg7 6. h3 Nbd7 7. Bd2 O-O 8. Rc1
b6 9. Qa4 Bb7 10. cxd5 cxd5 11. Be2 Ne4 12. O-O e6 13. Bb5 Nxd2 14. Nxd2 Nf6
15. Rc2 Qe7 16. Ba6 Bxa6 17. Qxa6 Rfc8 18. Nxd5 Qd7 19. Rxc8+ Rxc8 20. Qxc8+
Qxc8 21. Ne7+ 1-0

[Event "31.Schlosspark-Open"]
[Site "Wiesbaden-Biebrich"]
[Date "2019.08.22"]
[Round "1.83"]
[White "Sturm, Holger"]
[Black "Hassemeier, Mika"]
[Result "0-1"]
[WhiteElo "1398"]
[BlackElo "1872"]
[PlyCount "34"]
[EventDate "2019.??.??"]
[WhiteTeam "Schierstein"]
[BlackTeam "FVS ASP Hoyerswerda"]

1. d4 Nf6 2. c4 g6 3. Nf3 Bg7 4. Nc3 O-O 5. e4 d6 6. Be2 e5 7. d5 a5 8. b3 Na6
9. O-O Nc5 10. Qc2 Nh5 11. Bg5 f6 12. Be3 b6 13. Nd2 Nf4 14. Bxf4 exf4 15. Nf3
f5 16. Nd4 Bxd4 17. Nb5 Bxa1 0-1

[Event "31.Schlosspark-Open"]
[Site "Wiesbaden-Biebrich"]
[Date "2019.08.22"]
[Round "1.84"]
[White "Goldt, Rainer"]
[Black "Machwirth, Ernst"]
[Result "1-0"]
[WhiteElo "1956"]
[BlackElo "1388"]
[PlyCount "93"]
[EventDate "2019.??.??"]
[WhiteTeam "Kreuznacher SV"]
[BlackTeam "Sfr. Wiesbaden"]

1. e4 e5 2. Bc4 Nc6 3. Nf3 Bc5 4. b4 Bxb4 5. c3 Be7 6. d4 exd4 7. Qb3 Na5 8.
Bxf7+ Kf8 9. Qa4 c6 10. Bxg8 Rxg8 11. O-O dxc3 12. Nxc3 b5 13. Qc2 h6 14. a4 b4
15. Ne2 d6 16. Nf4 g5 17. Nd3 c5 18. Nd2 Be6 19. f4 g4 20. f5 Bf7 21. Nf4 Qb6
22. Ne6+ Bxe6 23. fxe6+ Ke8 24. Nc4 Nxc4 25. Qxc4 Bg5 26. e7 Kd7 27. Bxg5 Rxg5
28. Rf8 Re8 29. Raf1 Rxe7 30. Ra8 Kc7 31. Rf7 Rge5 32. Rxe7+ Rxe7 33. Qg8 c4+
34. Kh1 Qb7 35. Qd8+ Kc6 36. Rc8+ Rc7 37. Qe8+ Kc5 38. Rb8 Re7 39. Qh5+ Re5 40.
Qxe5+ dxe5 41. Rxb7 a6 42. Kg1 c3 43. Kf2 Kc6 44. Rxb4 Kc5 45. Rb8 Kd4 46. Ke2
Kxe4 47. Rb4+ 1-0

[Event "31.Schlosspark-Open"]
[Site "Wiesbaden-Biebrich"]
[Date "2019.08.22"]
[Round "1.85"]
[White "Raima, Jan"]
[Black "Zimmer, Gerald"]
[Result "0-1"]
[WhiteElo "1363"]
[BlackElo "1952"]
[PlyCount "58"]
[EventDate "2019.??.??"]
[WhiteTeam "FC Bierstadt"]
[BlackTeam "SC Bergen-Enkheim"]

1. b4 b6 2. a3 Bb7 3. c4 Nf6 4. Bb2 g6 5. e3 Bg7 6. Nf3 O-O 7. Be2 c5 8. b5 d5
9. a4 a6 10. d3 axb5 11. axb5 Rxa1 12. Bxa1 Nbd7 13. O-O Qa8 14. Nbd2 Qa2 15.
Re1 Ra8 16. Qb3 e6 17. Qxa2 Rxa2 18. h3 e5 19. Rd1 Ne8 20. e4 d4 21. Kf1 Nd6
22. Rb1 f5 23. Rd1 fxe4 24. dxe4 Nxe4 25. Nxe4 Bxe4 26. Ne1 Bf5 27. g4 Be6 28.
Nd3 Bxc4 29. Bb2 Bxd3 0-1

[Event "31.Schlosspark-Open"]
[Site "Wiesbaden-Biebrich"]
[Date "2019.08.22"]
[Round "1.86"]
[White "Rump, Andreas"]
[Black "Baehrle, Julius"]
[Result "1-0"]
[WhiteElo "1947"]
[BlackElo "1349"]
[PlyCount "72"]
[EventDate "2019.??.??"]
[WhiteTeam "SG Idstein"]
[BlackTeam "FC Bierstadt"]

1. d4 d6 2. e4 g6 3. c4 Bg7 4. Nc3 e6 5. Nf3 Nd7 6. Bg5 Ne7 7. Be2 O-O 8. Qd2
b6 9. Bh6 Bb7 10. h4 c6 11. h5 c5 12. Bxg7 Kxg7 13. hxg6 Nxg6 14. Qh6+ Kf6 15.
O-O-O Ke7 16. Ng5 Rh8 17. Nxh7 Rb8 18. e5 Qc7 19. Qg5+ Ke8 20. Nf6+ Nxf6 21.
Rxh8+ Nxh8 22. Qxf6 Kd7 23. Nb5 Qd8 24. Qxd8+ Rxd8 25. dxc5 bxc5 26. Nxd6 Bxg2
27. Nxf7+ Ke7 28. Nxd8 Ng6 29. f3 Nxe5 30. Nb7 Nd7 31. Rg1 Bh3 32. Rg3 Bf5 33.
Rg7+ Ke8 34. Nd6+ Kd8 35. Nxf5 exf5 36. Rf7 Kc7 1-0

[Event "31.Schlosspark-Open"]
[Site "Wiesbaden-Biebrich"]
[Date "2019.08.22"]
[Round "1.87"]
[White "Berdyga, Mariusz"]
[Black "Kuehn, Matthias"]
[Result "0-1"]
[WhiteElo "1348"]
[BlackElo "1939"]
[PlyCount "90"]
[EventDate "2019.??.??"]
[WhiteTeam "CKR SSz Grójec"]
[BlackTeam "SV Hürth-Berrenrath"]

1. e4 g6 2. d4 Bg7 3. Nc3 d6 4. f3 Nc6 5. Be3 e5 6. d5 Nce7 7. g4 h6 8. Bd3 f5
9. gxf5 gxf5 10. f4 Nf6 11. fxe5 Ng4 12. Bd4 O-O 13. exf5 Nxe5 14. Bxe5 Bxe5
15. Qg4+ Bg7 16. Nge2 Nxf5 17. O-O-O Nd4 18. Qg6 Bf5 19. Bxf5 Nxf5 20. Nf4 Nh4
21. Qe6+ Kh8 22. Qg4 Qg5 23. Qxg5 hxg5 24. Ne6 Rf7 25. Nxg5 Bh6 26. Nce4 Rg8
27. Rhg1 Nf3 28. h4 Nxg1 29. Rxg1 Rf4 30. Kd1 Bxg5 31. Nxg5 Rg7 32. Ke2 Rxh4
33. Ke3 Rh2 34. Kd3 Rh5 35. Nf3 Rxg1 36. Nxg1 Rxd5+ 37. Kc3 Rh5 38. Ne2 Kg7 39.
a4 Kf6 40. Nd4 Ke7 41. Nb5 a6 42. Nd4 Kd7 43. b4 Rh4 44. Nf5 Rf4 45. Ne3 a5 0-1

[Event "31.Schlosspark-Open"]
[Site "Wiesbaden-Biebrich"]
[Date "2019.08.22"]
[Round "1.88"]
[White "Reitz, Theresa"]
[Black "Koepke, Carolina"]
[Result "1-0"]
[WhiteElo "1936"]
[BlackElo "1316"]
[PlyCount "76"]
[EventDate "2019.??.??"]
[WhiteTeam "VfR-SC Koblenz"]
[BlackTeam "SV Oberursel"]

1. Nf3 Nc6 2. d4 d5 3. g3 Bf5 4. Bg2 e6 5. O-O Nf6 6. c4 Be7 7. Nc3 dxc4 8. Qa4
O-O 9. Qxc4 Ne4 10. Rd1 Nxc3 11. bxc3 Qd5 12. Qa4 Be4 13. Bf4 Bd6 14. c4 Qh5
15. Bxd6 cxd6 16. Qb3 Rab8 17. d5 Ne5 18. Nxe5 Qxe5 19. f3 Bg6 20. dxe6 Qxe6
21. e4 f5 22. exf5 Rxf5 23. Bh3 b6 24. Bxf5 Bxf5 25. Re1 Qf6 26. Rad1 Rd8 27.
c5+ Qf7 28. Rxd6 Rb8 29. cxb6 Qxb3 30. axb3 axb6 31. Re5 Bc2 32. Rb5 Kf7 33.
Rbxb6 Rxb6 34. Rxb6 Ke8 35. b4 Ba4 36. Rb8+ Ke7 37. Rb7+ Bd7 38. b5 Kd8 1-0

[Event "31.Schlosspark-Open"]
[Site "Wiesbaden-Biebrich"]
[Date "2019.08.22"]
[Round "1.89"]
[White "Vick, Edward"]
[Black "Ahrends, Norbert"]
[Result "0-1"]
[WhiteElo "1238"]
[BlackElo "1926"]
[PlyCount "76"]
[EventDate "2019.??.??"]
[WhiteTeam "TuS Makkabi Wiesbaden"]
[BlackTeam "SK Gernsheim"]

1. e4 c6 2. d4 d5 3. e5 Bf5 4. Bd3 Bxd3 5. Qxd3 e6 6. c4 dxc4 7. Qxc4 Nd7 8.
Nf3 Ne7 9. O-O Nb6 10. Qb3 Qd5 11. Nbd2 Nf5 12. Qd3 Be7 13. Qe4 O-O-O 14. Re1
Nxd4 15. Nxd4 Qxd4 16. Qxd4 Rxd4 17. Nb3 Rd5 18. Bd2 Rhd8 19. Bc3 Na4 20. a3
Nxc3 21. bxc3 Rd3 22. a4 Rxc3 23. Rab1 Rdd3 24. Nc1 Rd2 25. Nb3 Ra2 26. Nc1
Rxa4 27. Ne2 Rc2 28. Rbd1 Raa2 29. Nc1 Bc5 30. Kh1 Ra1 31. Nd3 Rxd1 32. Rxd1
Bxf2 33. Rf1 Bc5 34. h3 Bd4 35. Rxf7 Rd2 36. Nf4 Bxe5 37. Rf8+ Kd7 38. Kg1 Ke7
0-1

[Event "31.Schlosspark-Open"]
[Site "Wiesbaden-Biebrich"]
[Date "2019.08.22"]
[Round "1.90"]
[White "Schmitt, Carsten"]
[Black "Lochmann, Tobias"]
[Result "1-0"]
[WhiteElo "1926"]
[BlackElo "1199"]
[PlyCount "43"]
[EventDate "2019.??.??"]
[WhiteTeam "SV Bergwinkel"]
[BlackTeam "SV Groß-Gerau"]

1. c4 g6 2. g3 Nf6 3. Bg2 Bg7 4. Nc3 O-O 5. e4 e5 6. Nge2 d6 7. O-O b6 8. d3
Nc6 9. f4 Bg4 10. h3 Be6 11. f5 gxf5 12. exf5 Bc8 13. Bxc6 Rb8 14. g4 Bd7 15.
Bg2 Ne8 16. g5 f6 17. Bd5+ Kh8 18. g6 h6 19. Ng3 c6 20. Bf7 Nc7 21. Qh5 Na6 22.
Bxh6 1-0

[Event "31.Schlosspark-Open"]
[Site "Wiesbaden-Biebrich"]
[Date "2019.08.22"]
[Round "1.91"]
[White "Zimmer, Mireille E"]
[Black "Buehler, Severin"]
[Result "0-1"]
[WhiteElo "1020"]
[BlackElo "1918"]
[PlyCount "60"]
[EventDate "2019.??.??"]
[BlackTeam "Heilbronner SV"]

1. d4 Nf6 2. Nf3 g6 3. c4 Bg7 4. Nc3 d6 5. e4 O-O 6. Be2 e5 7. d5 a5 8. a4 Na6
9. O-O Nd7 10. Nb5 Ndc5 11. Nc3 f5 12. Bg5 Qe8 13. exf5 Bxf5 14. Nb5 h6 15. Be3
Qe7 16. h3 Kh7 17. g4 Bd7 18. Kh2 Rf7 19. Ng1 Raf8 20. f3 b6 21. Na7 e4 22. Nc6
Bxc6 23. dxc6 exf3 24. Nxf3 Qxe3 25. Qd5 Qxe2+ 26. Kg3 Be5+ 27. Kh4 Bf6+ 28.
Kg3 Ne4+ 29. Qxe4 Qxe4 30. Rad1 Qxc4 0-1

[Event "31.Schlosspark-Open"]
[Site "Wiesbaden-Biebrich"]
[Date "2019.08.22"]
[Round "1.92"]
[White "Davidov, Georgi"]
[Black "Kehrein, Lothar"]
[Result "1-0"]
[WhiteElo "1917"]
[BlackElo "958"]
[PlyCount "97"]
[EventDate "2019.??.??"]
[WhiteTeam "SC Rotenburg"]
[BlackTeam "SK Gau-Algesheim"]

1. e4 e5 2. Nf3 Nc6 3. Bb5 Nf6 4. O-O Bd6 5. d4 exd4 6. Bxc6 dxc6 7. e5 Bxe5 8.
Nxe5 O-O 9. Nf3 c5 10. Bg5 Bg4 11. Nbd2 Qd6 12. h3 Be6 13. Bxf6 gxf6 14. Ne4
Qe7 15. Re1 b6 16. Qd2 Kg7 17. Qf4 Rh8 18. Ng3 Kf8 19. Qh6+ Ke8 20. Nh5 Kd8 21.
Nxf6 Kc8 22. Ng5 Kb7 23. Qg7 Qf8 24. Nxe6 fxe6 25. Qxf8 Raxf8 26. Rxe6 Rf7 27.
Rae1 Rd8 28. g4 d3 29. c3 d2 30. Rd1 Rd6 31. Rxd6 cxd6 32. Ne4 Re7 33. Nxd2 Kc6
34. Kg2 d5 35. f4 Kd6 36. Nc4+ Kc6 37. Ne5+ Kd6 38. Re1 a5 39. Kf3 Rb7 40. f5
b5 41. g5 Rg7 42. h4 d4 43. f6 Rg8 44. cxd4 cxd4 45. Ke4 Ke6 46. Rc1 Rd8 47.
Rc6+ Rd6 48. f7 Ke7 49. Rxd6 1-0